[Event "20MCR_F"]
[Site "?"]
[Date "????.??.??"]
[Round "?"]
[White "Zahour, Jiri"]
[Black "Laurenc, Petr"]
[Result "1/2-1/2"]
[WhiteElo "2310"]
[BlackElo "2414"]
[PlyCount "150"]
[EventDate "2008.??.??"]
[EventType "corr"]
[SourceDate "2008.05.08"]

1. e4 e5 2. Nf3 Nc6 3. d4 exd4 4. Nxd4 Bc5 5. Nxc6 Qf6 6. Qf3 dxc6 7. Nc3 Be6
8. Be3 Bb4 9. Qxf6 Nxf6 10. f3 O-O-O 11. a3 Bxc3+ 12. bxc3 a6 13. Bd4 Rhg8 14.
Be2 Nd7 15. h4 Nb6 16. a4 a5 17. g4 Nc4 18. f4 Nd6 19. Bf3 b6 20. f5 Bd7 21. e5
Rde8 22. Kf2 Nc4 23. Rhe1 Kb8 24. Kg3 g6 25. e6 fxe6 26. fxe6 Rxe6 27. Rxe6
Bxe6 28. Bxc6 Nd6 29. Re1 Bc8 30. Be5 g5 31. h5 Rd8 32. c4 Nxc4 33. Bc3 Nd6 34.
Re7 Bf5 35. Bf6 Rf8 36. Bxg5 Rg8 37. gxf5 Rxg5+ 38. Kh4 h6 39. f6 Rf5 40. Rh7
b5 41. Bxb5 Rxf6 42. Bd3 Kb7 43. Kg3 Re6 44. Rh8 Kc6 45. Bg6 Kd5 46. Kg4 Re1
47. Rxh6 Rg1+ 48. Kf3 Rf1+ 49. Ke2 Rh1 50. Rh7 c5 51. Ra7 Nc4 52. Kf2 Ke5 53.
Kg2 Rh4 54. Kg3 Rh1 55. Ra6 Rg1+ 56. Kf2 Rh1 57. Kg2 Rh4 58. Kg3 Rh1 59. Bd3
Ne3 60. Rxa5 Kd4 61. Bg6 Nxc2 62. Ra8 c4 63. Bxc2 Rxh5 64. a5 Kc5 65. Kf4 Kb5
66. Bf5 Rh6 67. Bd7+ Kc5 68. Ke3 Rd6 69. Bf5 Kb5 70. Bc8 c3 71. Bf5 Kb4 72. Be4
Re6 73. Kf3 Rf6+ 74. Kg4 Rd6 75. Kg3 Rd7 1/2-1/2

[Event "20MCR_F"]
[Site "?"]
[Date "????.??.??"]
[Round "?"]
[White "Boukal, Petr"]
[Black "Laurenc, Petr"]
[Result "1/2-1/2"]
[WhiteElo "2416"]
[BlackElo "2414"]
[PlyCount "88"]
[EventDate "2008.??.??"]
[EventType "corr"]
[SourceDate "2008.05.08"]

1. e4 e5 2. Nf3 Nc6 3. d4 exd4 4. Nxd4 Bc5 5. Be3 Qf6 6. c3 Nge7 7. Bc4 Ne5 8.
Be2 Qg6 9. O-O d6 10. f3 O-O 11. Nd2 d5 12. Kh1 dxe4 13. fxe4 Bg4 14. Bf4 Bd6
15. Nb5 Rad8 16. Nxd6 cxd6 17. Bxg4 Nxg4 18. Qb3 Rd7 19. Rae1 Nc6 20. Nf3 Re8
21. Nh4 Qe6 22. Nf5 g6 23. Nxd6 Qxb3 24. axb3 Re6 25. Nc4 Rxe4 26. Kg1 Rxe1 27.
Rxe1 f5 28. b4 a6 29. Nb6 Rg7 30. Na4 g5 31. Bc1 Nge5 32. Nc5 h6 33. b3 Re7 34.
Kf1 Kf7 35. g3 Nd8 36. Ba3 Nd7 37. Rxe7+ Kxe7 38. b5 Nxc5 39. Bxc5+ Ke6 40. Bb6
Nf7 41. bxa6 bxa6 42. Ke2 Kd5 43. Ke3 Ne5 44. h3 Nc6 1/2-1/2

[Event "20MCR_F"]
[Site "?"]
[Date "????.??.??"]
[Round "?"]
[White "Laurenc, Petr"]
[Black "Pravec, Ladislav"]
[Result "1/2-1/2"]
[WhiteElo "2414"]
[BlackElo "2363"]
[PlyCount "103"]
[EventDate "2008.??.??"]
[EventType "corr"]
[SourceDate "2008.05.08"]

1. d4 Nf6 2. c4 g6 3. Nc3 Bg7 4. e4 d6 5. f3 O-O 6. Be3 c5 7. Nge2 Nc6 8. d5
Na5 9. Ng3 a6 10. Be2 Nd7 11. Qc2 Ne5 12. b3 Bd7 13. O-O Rb8 14. Rac1 b5 15.
cxb5 axb5 16. f4 b4 17. Nb1 Ng4 18. Bxg4 Bxg4 19. f5 Be5 20. Bh6 Re8 21. Qd2 e6
22. fxe6 fxe6 23. Rf4 Bxf4 24. Qxf4 exd5 25. Qxg4 Nc6 26. exd5 Ne5 27. Qh3 Nf7
28. Nd2 Nxh6 29. Qxh6 Qf6 30. Nf3 Rb7 31. Rf1 Rf7 32. h4 Qf4 33. Qxf4 Rxf4 34.
Rd1 h6 35. Kh2 Kg7 36. Rd2 Re7 37. Kh3 Re8 38. Kh2 Re7 39. Kg1 Kf6 40. Kf2 Rg4
41. Ne2 Ra7 42. g3 Re4 43. Nh2 g5 44. h5 Kg7 45. g4 c4 46. bxc4 Rxc4 47. Nd4
Rc1 48. Nf5+ Kf8 49. Nf1 Ra1 50. Ke3 R1xa2 51. Nd4 Rxd2 52. Nxd2 1/2-1/2

[Event "20MCR_F"]
[Site "?"]
[Date "????.??.??"]
[Round "?"]
[White "Laurenc, Petr"]
[Black "Popelka, Miloslav"]
[Result "1-0"]
[WhiteElo "2414"]
[BlackElo "2161"]
[PlyCount "105"]
[EventDate "2008.??.??"]
[EventType "corr"]
[SourceDate "2008.05.08"]

1. d4 Nf6 2. c4 e6 3. Nc3 Bb4 4. e3 O-O 5. Bd3 d5 6. Nf3 c5 7. O-O Nc6 8. a3
Bxc3 9. bxc3 Qc7 10. cxd5 exd5 11. Bb2 c4 12. Bc2 Bg4 13. Qe1 Bxf3 14. gxf3 Qd7
15. Kh1 Qh3 16. Qd1 b5 17. Rg1 a5 18. Rg3 Qe6 19. Qd2 Ne7 20. Rag1 Ng6 21. Bc1
Rfe8 22. Qd1 Qd7 23. Rg5 Rad8 24. Qf1 Kh8 25. Qg2 Nh4 26. Qg3 Ng6 27. Bf5 Qe7
28. Bb1 b4 29. h4 Qd6 30. Qh3 Rg8 31. h5 Ne7 32. h6 g6 33. e4 bxc3 34. e5 Qd7
35. Qh4 Ne8 36. f4 Rb8 37. Bc2 Rf8 38. f5 gxf5 39. Rg7 Ng6 40. Qh5 Rb7 41. Bxf5
Qc6 42. Bg5 Rg8 43. Rxg8+ Kxg8 44. e6 c2 45. Re1 Rb1 46. Bc1 Qd6 47. Bxc2 Rxc1
48. exf7+ Kxf7 49. Rxc1 Nf6 50. Bxg6+ hxg6 51. Qh4 Kg8 52. Rc3 Nh5 53. Rf3 1-0

[Event "20MCR_F"]
[Site "?"]
[Date "????.??.??"]
[Round "?"]
[White "Boukal, Petr"]
[Black "Mateka, Petr"]
[Result "1/2-1/2"]
[WhiteElo "2416"]
[BlackElo "2330"]
[PlyCount "66"]
[EventDate "2008.??.??"]
[EventType "corr"]
[SourceDate "2008.05.08"]

1. e4 e5 2. Nf3 Nc6 3. d4 exd4 4. Nxd4 Bc5 5. Nxc6 Qf6 6. Qf3 dxc6 7. Nc3 Be6
8. Be3 Bb4 9. Qxf6 Nxf6 10. f3 Nd7 11. a3 Bxc3+ 12. bxc3 Ne5 13. a4 a5 14. f4
Nc4 15. Bf2 Nb2 16. Bd4 f6 17. e5 fxe5 18. Bxe5 O-O 19. Kd2 Rf7 20. Rb1 Rd7+
21. Kc1 Nxa4 22. Rxb7 Nc5 23. Rxc7 Rxc7 24. Bxc7 a4 25. Be5 a3 26. Be2 Nd7 27.
Bd6 Nb6 28. Kb1 a2+ 29. Ka1 Nc4 30. Bc5 Rb8 31. Rd1 h6 32. Bd3 Nd2 33. Bb4 Nb1
1/2-1/2

[Event "20MCR_F"]
[Site "?"]
[Date "????.??.??"]
[Round "?"]
[White "Nejtek, Jiri"]
[Black "Mateka, Petr"]
[Result "1-0"]
[WhiteElo "2374"]
[BlackElo "2330"]
[PlyCount "111"]
[EventDate "2008.??.??"]
[EventType "corr"]
[SourceDate "2008.05.08"]

1. e4 e5 2. Nf3 Nc6 3. Bb5 a6 4. Ba4 Nf6 5. O-O Be7 6. Re1 b5 7. Bb3 O-O 8. h3
d6 9. c3 Na5 10. Bc2 c5 11. d4 Qc7 12. Nbd2 cxd4 13. cxd4 Nc6 14. a3 Bd7 15. d5
Na5 16. Nf1 Rfc8 17. Bd3 Bd8 18. Re2 Qa7 19. Ng3 h6 20. Bd2 Kh7 21. b3 Bb6 22.
Rb1 Qc7 23. Be1 Qd8 24. Ra2 Nb7 25. b4 Rc7 26. Qe2 Qe7 27. a4 bxa4 28. Bxa6 Kg8
29. Bd2 Kf8 30. Re1 Kg8 31. Nh4 Qd8 32. Nhf5 Bxf5 33. Nxf5 Nxe4 34. Qxe4 Rxa6
35. Ra3 g6 36. Nxh6+ Kg7 37. Rg3 Qh8 38. h4 Kf8 39. h5 gxh5 40. Qd3 Ra8 41. Nf5
h4 42. Rh3 f6 43. Re4 Rh7 44. Rexh4 e4 45. Rxh7 Qxh7 46. Qxe4 Re8 47. Qg4 Re7
48. Rxh7 Rxh7 49. Bh6+ Ke8 50. Qg6+ Kd7 51. Qxh7+ Kc8 52. Qe7 a3 53. Nxd6+ Nxd6
54. Qxd6 Bd4 55. Qa6+ Kd8 56. g3 1-0

[Event "20MCR_F"]
[Site "?"]
[Date "????.??.??"]
[Round "?"]
[White "Hybl, Vladislav"]
[Black "Valak, Alois"]
[Result "1/2-1/2"]
[WhiteElo "2315"]
[BlackElo "2372"]
[PlyCount "105"]
[EventDate "2008.??.??"]
[EventType "corr"]
[SourceDate "2008.05.08"]

1. e4 e5 2. Nf3 Nc6 3. Bb5 a6 4. Ba4 Nf6 5. O-O Be7 6. Re1 b5 7. Bb3 O-O 8. c3
d6 9. h3 Na5 10. Bc2 c5 11. d4 Qc7 12. Nbd2 cxd4 13. cxd4 Bb7 14. d5 Rac8 15.
Bd3 Nd7 16. Nf1 f5 17. Ng3 f4 18. Nf5 Bd8 19. b3 Nc5 20. Ba3 g6 21. Nh6+ Kg7
22. Ng4 h5 23. Ngh2 Qb6 24. Bb4 Ra8 25. Rc1 Bf6 26. h4 Bc8 27. Bxc5 dxc5 28.
Ng5 Bd7 29. Nhf3 Nb7 30. Qd2 Rfc8 31. Qb2 Nd6 32. Re2 Bg4 33. Rec2 Rab8 34. Bf1
Rb7 35. Qc3 Re7 36. Qe1 b4 37. Nd2 Kh6 38. Nc4 Nxc4 39. Rxc4 Rec7 40. g3 fxg3
41. f3 Bd7 42. Kg2 Rf8 43. Qxg3 Qd6 44. a3 bxa3 45. b4 a2 46. bxc5 Rxc5 47.
Rxc5 a1=Q 48. Rxa1 Qxc5 49. Rxa6 Qc2+ 50. Qf2 Qxf2+ 51. Kxf2 Bxg5 52. hxg5+
Kxg5 53. Ra7 1/2-1/2

[Event "20MCR_F"]
[Site "?"]
[Date "????.??.??"]
[Round "?"]
[White "Alexa, Jaroslav"]
[Black "Nejtek, Jiri"]
[Result "1/2-1/2"]
[WhiteElo "2353"]
[BlackElo "2374"]
[PlyCount "100"]
[EventDate "2008.??.??"]
[EventType "corr"]
[SourceDate "2008.05.08"]

1. d4 Nf6 2. c4 g6 3. Nc3 Bg7 4. e4 d6 5. f3 O-O 6. Be3 Nc6 7. Nge2 a6 8. Qd2
Rb8 9. Nc1 e5 10. d5 Nd4 11. Nb3 Nxb3 12. axb3 c5 13. g4 h5 14. h3 Nh7 15. gxh5
Qh4+ 16. Qf2 Qxf2+ 17. Kxf2 gxh5 18. Bd3 Kh8 19. b4 cxb4 20. Na4 f5 21. Ke2
fxe4 22. fxe4 Nf6 23. c5 Rg8 24. cxd6 Bf8 25. Raf1 Rg2+ 26. Kf3 Rg6 27. Nb6 Nd7
28. Rhg1 Rxg1 29. Rxg1 Nxb6 30. Bxb6 Bd7 31. Bc7 Re8 32. Rg5 a5 33. Bxa5 Bxd6
34. Rxh5+ Kg7 35. Rg5+ Kf6 36. Rg3 Bc5 37. Bc7 Bd4 38. Bd6 b3 39. Bc4 Rc8 40.
Bxb3 Rc1 41. Ke2 Rh1 42. Rf3+ Kg6 43. Kd3 Bxb2 44. Kc4 Bd4 45. h4 Rc1+ 46. Kb4
Bg4 47. Rf8 Be2 48. Rg8+ Kf6 49. Rg3 b6 50. Rh3 Bg4 1/2-1/2

[Event "20MCR_F"]
[Site "?"]
[Date "????.??.??"]
[Round "?"]
[White "Mateka, Petr"]
[Black "Kuta, Jiri"]
[Result "1-0"]
[WhiteElo "2330"]
[BlackElo "2360"]
[PlyCount "106"]
[EventDate "2008.??.??"]
[EventType "corr"]
[SourceDate "2008.05.08"]

1. e4 e5 2. Nf3 Nc6 3. Bb5 a6 4. Ba4 Nf6 5. O-O Be7 6. Re1 b5 7. Bb3 O-O 8. c3
d6 9. h3 Na5 10. Bc2 c5 11. d4 Qc7 12. Nbd2 cxd4 13. cxd4 Nc6 14. Nb3 a5 15.
Be3 a4 16. Nbd2 Bd7 17. Rc1 Qb7 18. Qe2 Rfe8 19. Bd3 exd4 20. Nxd4 Nb4 21. Bb1
a3 22. b3 Bd8 23. Bf4 Ra6 24. Qf3 Bb6 25. Ne2 Qa7 26. Bg5 Bd8 27. Nc3 Rc6 28.
Nf1 h6 29. Bf4 Qb6 30. Ng3 Be7 31. Be3 Qb7 32. Bd4 Rc7 33. Nf5 Bxf5 34. Qxf5
Rc6 35. Rcd1 Kf8 36. h4 Ra6 37. h5 Qc8 38. Qxb5 Qb8 39. Bd3 Ra8 40. Qf5 Qc8 41.
Qf3 Nc6 42. Bb5 Nxd4 43. Rxd4 Rd8 44. Nd5 Qe6 45. Qd1 Rab8 46. Bc6 Qe5 47. Re3
Ng4 48. Rh3 Rdc8 49. Rc4 Nf6 50. b4 Nxd5 51. exd5 Qb2 52. b5 Bf6 53. Ra4 Qxa2
1-0

[Event "20MCR_F"]
[Site "?"]
[Date "????.??.??"]
[Round "?"]
[White "Hybl, Vladislav"]
[Black "Laurenc, Petr"]
[Result "1/2-1/2"]
[WhiteElo "2315"]
[BlackElo "2414"]
[PlyCount "108"]
[EventDate "2008.??.??"]
[EventType "corr"]
[SourceDate "2008.05.08"]

1. e4 e5 2. Nf3 Nc6 3. Bb5 a6 4. Ba4 Nf6 5. O-O Be7 6. Re1 b5 7. Bb3 d6 8. c3
O-O 9. h3 Na5 10. Bc2 c5 11. d4 Qc7 12. Nbd2 cxd4 13. cxd4 Nc6 14. Nb3 a5 15.
Be3 a4 16. Nbd2 Bd7 17. Rc1 Rac8 18. Nf1 Qb7 19. Ng3 exd4 20. Nxd4 g6 21. Qd2
Ne5 22. Bg5 Rfe8 23. b3 Rc7 24. Red1 Rec8 25. Qf4 Kg7 26. Qh4 h5 27. Qf4 Qa7
28. Nge2 Rc5 29. b4 Rc4 30. Bb1 a3 31. Rxc4 Rxc4 32. Nc2 Be6 33. Ned4 Qa4 34.
Nxe6+ fxe6 35. Bxf6+ Bxf6 36. Rxd6 Kf7 37. Qd2 Qa7 38. Kf1 Rc8 39. Qe2 Qc7 40.
Rd1 Nc4 41. Kg1 Rd8 42. Ne1 Qe5 43. Rxd8 Bxd8 44. Bd3 Qa1 45. g3 h4 46. gxh4
Bxh4 47. Kg2 Ne5 48. Bxb5 Qc3 49. Nc2 Kg7 50. Qd1 Kg8 51. Qe2 Kg7 52. Ba6 g5
53. Qd1 Kf7 54. Ne3 Qxb4 1/2-1/2

[Event "20MCR_F"]
[Site "?"]
[Date "????.??.??"]
[Round "?"]
[White "Mateka, Petr"]
[Black "Valak, Alois"]
[Result "0-1"]
[WhiteElo "2330"]
[BlackElo "2372"]
[PlyCount "180"]
[EventDate "2008.??.??"]
[EventType "corr"]
[SourceDate "2008.05.08"]

1. e4 c5 2. Nf3 d6 3. d4 cxd4 4. Nxd4 Nf6 5. Nc3 a6 6. Be3 e6 7. Be2 Qc7 8. a4
Nc6 9. O-O Be7 10. f4 O-O 11. Kh1 Re8 12. Bf3 Na5 13. Qd3 Bd7 14. Rad1 Rac8 15.
Bc1 h6 16. Be2 Nc6 17. Qg3 d5 18. e5 Ne4 19. Nxe4 dxe4 20. c3 Bf8 21. Bg4 Ne7
22. Qh3 Bxa4 23. Rde1 Nc6 24. Nxe6 fxe6 25. Bxe6+ Kh8 26. Bxc8 Qxc8 27. Qxc8
Rxc8 28. Rxe4 Bc2 29. Ree1 Bf5 30. h3 h5 31. Kh2 h4 32. Be3 g6 33. Rd1 Be7 34.
g4 hxg3+ 35. Kxg3 Na5 36. Rf2 Kg7 37. Rh2 Nc4 38. Bd4 Rd8 39. Kf3 Kh6 40. Ra1
Be6 41. h4 Kh5 42. Rg1 Bd5+ 43. Kg3 Be4 44. Ra1 Bf5 45. Rg1 a5 46. Kf3 a4 47.
Rg5+ Kh6 48. Rg1 Be6 49. Rf2 Rf8 50. Rc2 b5 51. Rh2 Rf5 52. Rd1 Kh5 53. Rg1
Bd5+ 54. Kg3 Rf8 55. Ra1 Rd8 56. Rc1 Be4 57. Ra1 Bc6 58. Rg1 b4 59. Rc1 b3 60.
Rf1 a3 61. bxa3 b2 62. f5 gxf5 63. Rxf5+ Kh6 64. Rxb2 Nxb2 65. Rf7 Rg8+ 66. Kh3
Bd7+ 67. Kh2 Re8 68. Kg3 Nc4 69. Kf3 Bc6+ 70. Ke2 Bxh4 71. Ra7 Nxe5 72. a4 Bf3+
73. Ke3 Bg5+ 74. Kf2 Bd5 75. Kg3 Ng6 76. c4 Bh4+ 77. Kg4 Re4+ 78. Kf3 Rf4+ 79.
Ke3 Bf2+ 80. Kd2 Rxd4+ 81. Ke2 Rf4 82. Rc7 Be4 83. Rb7 Bc5 84. Kd1 Bxb7 85. Kd2
Ne5 86. Kc2 Bd4 87. c5 Rf2+ 88. Kd1 Nd3 89. c6 Bxc6 90. a5 Bf3# 0-1

[Event "20MCR_F"]
[Site "?"]
[Date "????.??.??"]
[Round "?"]
[White "Popelka, Miloslav"]
[Black "Hladecek, Miloslav"]
[Result "1/2-1/2"]
[WhiteElo "2161"]
[BlackElo "2342"]
[PlyCount "118"]
[EventDate "2008.??.??"]
[EventType "corr"]
[SourceDate "2008.05.08"]

1. e4 e5 2. Nf3 Nf6 3. Nxe5 d6 4. Nf3 Nxe4 5. d4 Be7 6. Bd3 Nf6 7. h3 O-O 8.
O-O c6 9. Re1 Na6 10. c3 Nc7 11. Nbd2 Re8 12. Nf1 a5 13. Bd2 a4 14. b3 Bd7 15.
Ne3 b5 16. Nf5 Bf8 17. Qc2 Ne6 18. c4 d5 19. cxb5 cxb5 20. Ne5 b4 21. Rab1 axb3
22. Qxb3 Ba4 23. Qb2 Rb8 24. Rbc1 Qb6 25. Be3 g6 26. Ng3 Nd7 27. Ne2 Bb5 28.
Bxb5 Qxb5 29. Qb3 Nxe5 30. dxe5 Rec8 31. Nd4 Qb7 32. Qd3 Nc5 33. Qe2 Ra8 34.
Nb3 Ne4 35. Rxc8 Qxc8 36. Bd4 Qe6 37. Rc1 Rc8 38. f3 Rxc1+ 39. Nxc1 Qc8 40. Nb3
Nc3 41. Qd2 Qf5 42. Bxc3 bxc3 43. Qxc3 Bg7 44. Nc1 Bxe5 45. Qd3 Qe6 46. Kf1 Qc6
47. Ne2 d4 48. Qe4 Qc5 49. Qd3 Qd5 50. Qe4 Qc5 51. Qd3 Bf6 52. Kf2 h5 53. Kf1
h4 54. Kf2 Bg7 55. Kf1 Qb4 56. a3 Qb2 57. Kg1 Bf8 58. Kf2 Bc5 59. f4 Qa2
1/2-1/2

[Event "20MCR_F"]
[Site "?"]
[Date "????.??.??"]
[Round "?"]
[White "Nedoma, Petr"]
[Black "Nejtek, Jiri"]
[Result "1-0"]
[WhiteElo "2323"]
[BlackElo "2374"]
[PlyCount "115"]
[EventDate "2008.??.??"]
[EventType "corr"]
[SourceDate "2008.05.08"]

1. e4 e5 2. Nf3 Nc6 3. Bb5 Nf6 4. O-O Nxe4 5. d4 Nd6 6. Bxc6 dxc6 7. dxe5 Nf5
8. Qxd8+ Kxd8 9. Nc3 Ne7 10. Ne4 Ng6 11. Re1 h6 12. h3 c5 13. a4 Bd7 14. Be3 b6
15. a5 Kc8 16. Bd2 Kb7 17. c4 Rd8 18. Bc3 Nf4 19. Re3 Be7 20. Nfd2 Be6 21. b3
Rd7 22. Rf3 g5 23. Re3 Rhd8 24. axb6 axb6 25. Rc1 Bf5 26. Rce1 Ra8 27. Kh2 Ra2
28. g3 Nxh3 29. g4 Bxg4 30. Rxh3 Bxh3 31. Kxh3 Rd3+ 32. Kg2 Rxc3 33. Nxc3 Rxd2
34. Re3 Bf8 35. Ne4 Rd4 36. Ng3 Ka6 37. Nh5 Rg4+ 38. Kf1 Rh4 39. Nf6 Kb7 40.
Kg2 Kc6 41. Ng8 Rg4+ 42. Kf1 Rf4 43. Nf6 Rd4 44. Nd5 b5 45. e6 fxe6 46. Rxe6+
Bd6 47. Ne3 b4 48. Ke2 Rh4 49. Rg6 Rh3 50. Kd3 Kb7 51. Ke4 Rh4+ 52. Kd3 Rh2 53.
Ke2 Rh3 54. Rf6 Bf4 55. Nd5 Rxb3 56. Nxf4 gxf4 57. Rxf4 Rf3 58. Rxf3 1-0

[Event "20MCR_F"]
[Site "?"]
[Date "????.??.??"]
[Round "?"]
[White "Alexa, Jaroslav"]
[Black "Hybl, Vladislav"]
[Result "1-0"]
[WhiteElo "2353"]
[BlackElo "2315"]
[PlyCount "143"]
[EventDate "2008.??.??"]
[EventType "corr"]
[SourceDate "2008.05.08"]

1. d4 Nf6 2. c4 e6 3. Nc3 Bb4 4. e3 O-O 5. Bd3 d5 6. Nf3 c5 7. O-O dxc4 8. Bxc4
Nbd7 9. Qe2 b6 10. Rd1 cxd4 11. exd4 Bb7 12. d5 exd5 13. Nxd5 Bd6 14. Bg5 Rc8
15. Qd3 h6 16. Bh4 Be7 17. Nxf6+ Bxf6 18. Qxd7 Bxf3 19. Bxf7+ Rxf7 20. Qxd8+
Bxd8 21. Rxd8+ Rxd8 22. Bxd8 Bd5 23. f3 Rd7 24. Bh4 Kf7 25. Be1 a5 26. a3 a4
27. Rc1 b5 28. Rc5 Bc4 29. h4 g6 30. Bc3 h5 31. Rc6 Re7 32. Rf6+ Kg7 33. g4
hxg4 34. fxg4 Re8 35. g5 Be2 36. Kf2 Bc4 37. h5 gxh5 38. Rh6+ Kf7 39. g6+ Ke6
40. Rxh5 Rg8 41. Rg5 Bd3 42. g7 Bc4 43. Ke3 Kf7 44. Rf5+ Kg6 45. Rf8 Bd5 46.
Be5 Bc4 47. Kd4 Kh7 48. Kc5 Bd3 49. Kb4 Bc4 50. Rf4 Be2 51. Re4 Bd3 52. Rd4 Be2
53. b3 axb3 54. Kxb3 Ra8 55. Rf4 Bc4+ 56. Kb4 Ra4+ 57. Kc5 Be6 58. Rf6 Bg8 59.
Rf3 Re4 60. Bc3 Ra4 61. Bb2 Ra8 62. Rf8 Ra7 63. Rf2 Ra8 64. Kxb5 Rb8+ 65. Kc6
Rc8+ 66. Kb7 Rc4 67. Rh2+ Kg6 68. Kb6 Re4 69. Kb5 Re8 70. a4 Rb8+ 71. Kc6 Ra8
72. Rh4 1-0

[Event "20MCR_F"]
[Site "?"]
[Date "????.??.??"]
[Round "?"]
[White "Pravec, Ladislav"]
[Black "Boukal, Petr"]
[Result "1/2-1/2"]
[WhiteElo "2363"]
[BlackElo "2416"]
[PlyCount "92"]
[EventDate "2008.??.??"]
[EventType "corr"]
[SourceDate "2008.05.08"]

1. d4 Nf6 2. c4 g6 3. Nc3 Bg7 4. e4 d6 5. Be2 O-O 6. Nf3 e5 7. O-O Nc6 8. d5
Ne7 9. Ne1 Nd7 10. f3 f5 11. Be3 f4 12. Bf2 g5 13. a4 a5 14. Nd3 b6 15. g4 Nc5
16. Nxc5 bxc5 17. Be1 Rf6 18. h3 h5 19. Kg2 Rh6 20. Rh1 Bd7 21. Qd2 c6 22. Rb1
Qb6 23. Bf2 Rd8 24. b3 Kf7 25. Qc2 Rdh8 26. Rbd1 R8h7 27. Qd2 Bf8 28. Qc2 Qb7
29. Qb1 Ke8 30. Qb2 Kd8 31. Qc2 Kc8 32. Qb2 Rh8 33. Qc2 Be8 34. Rdg1 Kb8 35.
Qb2 Bd7 36. Qc2 Bc8 37. Rd1 Qb6 38. Rb1 Bg7 39. Rbd1 R8h7 40. Qb1 Ka8 41. Qc2
Qd8 42. Qd2 Kb7 43. Na2 Ka8 44. Nc3 Rh8 45. Na2 Bb7 46. Nc1 cxd5 1/2-1/2

[Event "20MCR_F"]
[Site "?"]
[Date "????.??.??"]
[Round "?"]
[White "Mateka, Petr"]
[Black "Nedoma, Petr"]
[Result "1-0"]
[WhiteElo "2330"]
[BlackElo "2323"]
[PlyCount "93"]
[EventDate "2008.??.??"]
[EventType "corr"]
[SourceDate "2008.05.08"]

1. e4 e5 2. Nf3 d6 3. d4 exd4 4. Nxd4 a6 5. Nc3 Be7 6. Be2 Nf6 7. O-O O-O 8. f4
Re8 9. Bf3 Bf8 10. Nb3 c6 11. Re1 a5 12. a4 Na6 13. Be3 Be6 14. Nd4 Bd7 15. Bf2
Qc7 16. Bh4 Kh8 17. Bxf6 gxf6 18. Bg4 d5 19. Bxd7 Qxd7 20. Nf5 Nb4 21. Kh1 Rxe4
22. Nxe4 Qxf5 23. g4 Qxf4 24. Ng3 Bd6 25. c3 Na6 26. Rf1 Qh6 27. Nh5 Be5 28.
Rf5 Re8 29. Qf3 Nc5 30. g5 fxg5 31. Rxf7 Ne4 32. Rf1 Bd6 33. Qg4 Qg6 34. Rxb7
Bc5 35. Kg2 Nd6 36. Re7 Nc4 37. Rxe8+ Qxe8 38. Kh1 Ne3 39. Qf3 Qe7 40. Qf6+ Kg8
41. Qxe7 Bxe7 42. Re1 Bc5 43. Nf6+ Kg7 44. Nd7 Ba7 45. Ne5 d4 46. cxd4 Nc2 47.
Rf1 1-0

[Event "20MCR_F"]
[Site "?"]
[Date "????.??.??"]
[Round "?"]
[White "Hybl, Vladislav"]
[Black "Sykora, Josef"]
[Result "0-1"]
[WhiteElo "2315"]
[BlackElo "2352"]
[PlyCount "112"]
[EventDate "2008.??.??"]
[EventType "corr"]
[SourceDate "2008.05.08"]

1. e4 c5 2. Nf3 e6 3. d4 cxd4 4. Nxd4 a6 5. Bd3 Bc5 6. Nb3 Be7 7. Qg4 g6 8. Qe2
d6 9. O-O Nd7 10. Nc3 Qc7 11. Bd2 b6 12. Rae1 Bb7 13. f4 h5 14. f5 gxf5 15.
exf5 e5 16. Be4 Ngf6 17. Bxb7 Qxb7 18. Bg5 Rg8 19. Bh4 O-O-O 20. Qf3 Rg4 21.
Bxf6 Nxf6 22. h3 Rg7 23. Qxb7+ Kxb7 24. Rf2 Re8 25. a4 Bd8 26. Rd1 Bc7 27. Kh2
Kc6 28. Na2 a5 29. c4 Ne4 30. Rc2 Rg5 31. Nd2 Nxd2 32. Rcxd2 Rxf5 33. Nc3 Re6
34. Nd5 Bd8 35. b4 e4 36. bxa5 bxa5 37. Re2 h4 38. Rb1 Rxd5 39. cxd5+ Kxd5 40.
Rd2+ Kc4 41. Kg1 Bg5 42. Rc1+ Kb3 43. Rb1+ Kc3 44. Rd5 Be3+ 45. Kf1 Rf6+ 46.
Ke2 Bc5 47. Rc1+ Kb4 48. Rd2 Kxa4 49. Rb1 Ka3 50. Ra1+ Kb3 51. Rb1+ Kc4 52.
Rc1+ Kb5 53. Rb2+ Kc6 54. Ke1 Kd5 55. Rd1+ Ke5 56. Rb5 e3 0-1

[Event "20MCR_F"]
[Site "?"]
[Date "????.??.??"]
[Round "?"]
[White "Mateka, Petr"]
[Black "Popelka, Miloslav"]
[Result "1/2-1/2"]
[WhiteElo "2330"]
[BlackElo "2161"]
[PlyCount "96"]
[EventDate "2008.??.??"]
[EventType "corr"]
[SourceDate "2008.05.08"]

1. e4 c5 2. Nf3 d6 3. d4 cxd4 4. Nxd4 Nf6 5. Nc3 a6 6. Be3 Ng4 7. Bg5 h6 8. Bc1
Nf6 9. Be2 e5 10. Nb3 Be7 11. Qd3 Nc6 12. Nd5 O-O 13. O-O Nxd5 14. exd5 Nb8 15.
a4 a5 16. Be3 Nd7 17. f4 exf4 18. Bxf4 Ne5 19. Qd2 Bg5 20. Bxg5 hxg5 21. Nd4
Bd7 22. b3 f6 23. Bb5 Bxb5 24. Nxb5 Qb6+ 25. Kh1 Kh7 26. Rae1 Rh8 27. Re4 Kg8
28. Nd4 Re8 29. Qc3 Kf7 30. Ne6 Rc8 31. Qg3 Kg8 32. c4 Rh6 33. h3 Qa7 34. Nd4
Rh7 35. Kg1 Re8 36. Qe3 Qc5 37. Nf5 Qxe3+ 38. Nxe3 Rh8 39. Nf5 Rd8 40. Nd4 b6
41. Kf2 Kf7 42. Ke3 Kg6 43. Kd2 Rhe8 44. Kc3 Rd7 45. Re2 Kh5 46. Rf3 Rc7 47.
Rfe3 Kg6 48. Nf3 Rce7 1/2-1/2

[Event "20MCR_F"]
[Site "?"]
[Date "????.??.??"]
[Round "?"]
[White "Hladecek, Miloslav"]
[Black "Hybl, Vladislav"]
[Result "1-0"]
[WhiteElo "2342"]
[BlackElo "2315"]
[PlyCount "117"]
[EventDate "2008.??.??"]
[EventType "corr"]
[SourceDate "2008.05.08"]

1. e4 c5 2. Nf3 d6 3. Nc3 Nf6 4. d4 cxd4 5. Nxd4 a6 6. Be2 e5 7. Nb3 Be7 8. Qd3
O-O 9. O-O Be6 10. Nd5 Nxd5 11. exd5 Bc8 12. a4 f5 13. f4 e4 14. Qc4 a5 15. Be3
Na6 16. Bd2 b6 17. Nd4 Nc5 18. Qa2 Bf6 19. Be3 Qe8 20. Rfe1 Qf7 21. c3 Bd7 22.
Nc6 Rfc8 23. Bb5 Rc7 24. Red1 Kh8 25. Qb1 Qg8 26. Ra3 Be8 27. b4 Nd7 28. bxa5
bxa5 29. c4 Bh5 30. Re1 Nc5 31. Qc2 Be8 32. Qd2 Nb7 33. Rb3 Qf7 34. Reb1 Kg8
35. Kh1 h6 36. Bb6 Rcc8 37. Qe2 Nc5 38. Bxc5 dxc5 39. g4 Qg6 40. h3 Kh8 41.
gxf5 Qxf5 42. Qg4 Qxg4 43. hxg4 g5 44. f5 h5 45. Re3 hxg4 46. Rxe4 Bd7 47. Ne7
Rcb8 48. Rbe1 Ra7 49. Kg2 Kg7 50. Kg3 Rh8 51. d6 Rb7 52. Kxg4 Rh4+ 53. Kg3 Bxb5
54. axb5 Rxe4 55. Rxe4 a4 56. Nd5 a3 57. Nxf6 Kxf6 58. Kg4 a2 59. Re6+ 1-0

[Event "20MCR_F"]
[Site "?"]
[Date "????.??.??"]
[Round "?"]
[White "Alexa, Jaroslav"]
[Black "Mateka, Petr"]
[Result "1/2-1/2"]
[WhiteElo "2353"]
[BlackElo "2330"]
[PlyCount "132"]
[EventDate "2008.??.??"]
[EventType "corr"]
[SourceDate "2008.05.08"]

1. d4 Nf6 2. c4 e6 3. Nf3 d5 4. Nc3 Be7 5. Bg5 h6 6. Bh4 O-O 7. e3 b6 8. Be2
Bb7 9. Bxf6 Bxf6 10. cxd5 exd5 11. b4 c6 12. O-O Qd6 13. Qb3 Nd7 14. e4 Be7 15.
Rab1 dxe4 16. Nxe4 Qf4 17. Ng3 a5 18. bxa5 Rxa5 19. Rfe1 Bd6 20. Bd3 Rfa8 21.
Re4 Qf6 22. Rbe1 Bf8 23. Rg4 Kh8 24. Bb1 g6 25. a4 Rxa4 26. Ne5 Nxe5 27. dxe5
Qe6 28. Qxe6 fxe6 29. Rxg6 c5 30. Rxe6 Bd5 31. Rf6 b5 32. f3 R4a7 33. Nf5 c4
34. Kf2 c3 35. e6 Re8 36. Re5 Ba2 37. Bd3 b4 38. Re4 h5 39. Re5 Rc7 40. Nd4 Rh7
41. Rxf8+ Rxf8 42. e7 Re8 43. Bxh7 Kxh7 44. Rxh5+ Kg7 45. Rb5 Rxe7 46. Rxb4 Rc7
47. Ne2 c2 48. Nc1 Bf7 49. Rd4 Ra7 50. Ke1 Bg6 51. h4 Kf6 52. Kd2 Ke5 53. Rd8
Rc7 54. g3 Bh7 55. Ne2 Ra7 56. g4 Ra1 57. Re8+ Kf6 58. Nc1 Ra7 59. Rd8 Kf7 60.
Nd3 Rc7 61. Kc1 Rc3 62. Ne1 Re3 63. Nxc2 Rxf3 64. Rd7+ Kg8 65. Nb4 Rh3 66. h5
Be4 1/2-1/2